000
00259nam a22000977a 4500
008
250403b |||||||| |||| 00| 0 eng d
020
_a
9780747582977
100
_a
Hosseini Khaled
_9
7830
245
_a
A Thousand Splendid Suns
260
_a
London
_b
Bloomsbury
_c
2007
999
_c
12741
_d
12741